00353ntaaa2200145 45000030003000000050017000030080021000200400037000410820017000781000022000952450014001172500010001312600056001413000010001970120251027202639.00714s1973 ag 01  aAR-BaBNbspacAR-BaBNeaacrdRIC a372.4000 M45 aMazzanti, José  aAlegría a1 ed. aBuenos Aires : bEditorial Moly and Lassere, cn.f. a137 p